=LDR 00000nam 2200000 4500 =001 INLIS000000000004026 =005 20250618094602 =035 ##$$a 0010-0625000231 =007 ta =008 250618###########################0#ind## =020 ##$$a - =082 ##$$a 378.2 =084 ##$$a 378.2 ACH s =100 #$$a Achmad Noor =245 1#$$a SUMBANGAN PEMIKIRAN PADA SEMINAR NASIONAL PENGEMBANGAN KONSEP KELUARGA KECIL SEJAHTERA : $b - /$c Drs. Achmad Noor. PH, SU =250 ##$$a cetakan pertama =260 ##$$a Sukabumi :$b Badan Koordinasi Keluarga Berencana Nasional,$c 1991 =300 ##$$a 6 halaman : $b - ; $c 21 cm$e - =600 #4$$a Keluarga Berencana =856 ##$$a Perpustakaan BKKBN